Score 0/44 Timer 10:00
0 Plays Today
Land % Correct
FrontierlandSplash Mountain
84.2%
TomorrowlandSpace Mountain
79.5%
FrontierlandBig Thunder Mountain Railroad
78.8%
AdventurelandPirates of the Caribbean
78.6%
FantasylandPeter Pan's Flight
78%
AdventurelandJungle Cruise
76%
Liberty SquareHaunted Mansion
76%
FantasylandIt's a Small World
72.1%
FantasylandDumbo the Flying Elephant
71.1%
Main Street, U.S.A.Walt Disney World Railroad
70.8%
AdventurelandThe Enchanted Tiki Room (Under New Management)
68.3%
FantasylandThe Many Adventures of Winnie the Pooh
67.4%
Liberty SquareThe Hall of Presidents
66.5%
FantasylandCinderella's Golden Carousel
63.5%
FantasylandMad Tea Party
61.3%
AdventurelandThe Magic Carpets of Aladdin
60.9%
FrontierlandCountry Bear Jamboree
60.9%
Mickey's Toontown FairJudge's Tent
60.9%
Mickey's Toontown FairThe Barnstormer at Goofy's Wiseacre Farm
57.5%
TomorrowlandAstro Orbiter
57%
TomorrowlandTomorrowland Speedway
56.4%
TomorrowlandStitch's Great Escape!
55.7%
Land % Correct
Liberty SquareLiberty Square Riverboat
55.5%
TomorrowlandWalt Disney's Carousel of Progress
55.3%
AdventurelandSwiss Family Treehouse
51.4%
TomorrowlandTomorrowland Transit Authority
49.5%
FrontierlandTom Sawyer Island
48.4%
TomorrowlandMonster's Inc. Laugh Floor
47.9%
TomorrowlandBuzz Lightyear's Space Ranger Spin
46.7%
Mickey's Toontown FairMinnie's Country House
46%
Mickey's Toontown FairMickey's Country House
42.5%
Main Street, U.S.A.Main Street Vehicles
36.5%
FantasylandAriel's Grotto
36.1%
Mickey's Toontown FairDonald's Boat
34.6%
FantasylandCinderella Castle
31.7%
Fantasyland
30.2%
FrontierlandFrontierland Shootin' Arcada
27%
FantasylandFairytale Garden
11%
FantasylandMickey's PhillarMagic
10.4%
AdventurelandShrunken Ned's Junior Jungle Boats
8.4%
TomorrowlandTomorrowland Arcade
8%
FantasylandPooh's Playful Spot
7.8%
Mickey's Toontown FairToontown Hall of Fame
7.8%
Mickey's Toontown FairToon Park
6.5%

You're not logged in!

Compare scores with friends on all Sporcle quizzes.
OR
Log In

Sporcle TV

Today on Sporcle TV


Watch our educational content, quiz creation guides, and fun videos on Sporcle TV.

Show Comments

Extras

Top Quizzes Today


Score Distribution

Paid Content

Your Account Isn't Verified!

In order to create a playlist on Sporcle, you need to verify the email address you used during registration. Go to your Sporcle Settings to finish the process.

Report this User

Report this user for behavior that violates our Community Guidelines.

Details: